|
|
|
|
| LEADER |
01569nam a2200433Ia 4500 |
| 001 |
EBC589615 |
| 003 |
MiAaPQ |
| 005 |
20200520144314.0 |
| 006 |
m o d | |
| 007 |
cr cn||||||||| |
| 008 |
100401s2010 enk sb 001 0 eng d |
| 010 |
|
|
|z 2010013219
|
| 020 |
|
|
|z 0415583438 (hbk)
|
| 020 |
|
|
|z 9780415583435 (hbk)
|
| 020 |
|
|
|a 0203845897 (electronic bk.)
|
| 020 |
|
|
|a 9780203845899 (electronic bk.)
|
| 035 |
|
|
|a (MiAaPQ)EBC589615
|
| 035 |
|
|
|a (Au-PeEL)EBL589615
|
| 035 |
|
|
|a (CaPaEBR)ebr10433318
|
| 035 |
|
|
|a (CaONFJC)MIL293033
|
| 035 |
|
|
|a (OCoLC)693761174
|
| 040 |
|
|
|a MiAaPQ
|c MiAaPQ
|d MiAaPQ
|
| 050 |
|
4 |
|a HG3054.5
|b .L63 2010
|
| 100 |
1 |
|
|a Lobo-Guerrero, Luis.
|
| 245 |
1 |
0 |
|a Insuring security
|h [electronic resource] :
|b biopolitics, security and risk /
|c Luis Lobo-Guerrero.
|
| 260 |
|
|
|a Milton Park, Abingdon, Oxon, [England] ;
|a New York :
|b Routledge,
|c 2010.
|
| 300 |
|
|
|a xiii, 178 p.
|
| 490 |
1 |
|
|a Interventions
|
| 504 |
|
|
|a Includes bibliographical references (p. [158]-169) and index.
|
| 533 |
|
|
|a Electronic reproduction. Ann Arbor, MI : ProQuest, 2015. Available via World Wide Web. Access may be limited to ProQuest affiliated libraries.
|
| 650 |
|
0 |
|a Disaster insurance.
|
| 650 |
|
0 |
|a Life insurance.
|
| 650 |
|
0 |
|a Marine insurance.
|
| 650 |
|
0 |
|a Risk (Insurance)
|
| 650 |
|
0 |
|a Risk management.
|
| 655 |
|
4 |
|a Electronic books.
|
| 710 |
2 |
|
|a ProQuest (Firm)
|
| 830 |
|
0 |
|a Interventions (Routledge (Firm))
|
| 856 |
4 |
0 |
|u https://ebookcentral.proquest.com/lib/matrademy/detail.action?docID=589615
|z Click to View
|